MEDICINAL CHEMISTRY (Record no. 6100)

MARC details
000 -LEADER
fixed length control field 00447nam a22001817a 4500
005 - DATE AND TIME OF LATEST TRANSACTION
control field 20200316093923.0
008 - FIXED-LENGTH DATA ELEMENTS--GENERAL INFORMATION
fixed length control field 200316b xxu||||| |||| 00| 0 eng d
020 ## - INTERNATIONAL STANDARD BOOK NUMBER
ISBN 9789387964-051
041 ## - LANGUAGE CODE
Language code of text/sound track or separate title eng
082 ## - DEWEY DECIMAL CLASSIFICATION NUMBER
Classification number 615.7
100 ## - MAIN ENTRY--AUTHOR NAME
Personal name RAZDAN,BALKISHEN
245 ## - TITLE STATEMENT
Title MEDICINAL CHEMISTRY
250 ## - EDITION STATEMENT
Edition statement 2nd, 2019
260 ## - PUBLICATION, DISTRIBUTION, ETC. (IMPRINT)
Place of publication DELHI
Name of publisher CBS PUBLISHERS AND DISTRIBUTERS
Year of publication 2019
300 ## - PHYSICAL DESCRIPTION
Number of Pages 1041; XIV
650 ## - SUBJECT ADDED ENTRY--TOPICAL TERM
Topical Term PHARMACY
942 ## - ADDED ENTRY ELEMENTS (KOHA)
Koha item type Books
Holdings
Lost status Damaged status Collection code Home library Current library Shelving location Date acquired Source of acquisition Cost, normal purchase price Full call number Accession Number Koha item type
    PHARMACY JRU Library JRU Library SHELF-18-C 16/03/2020 PURCHESS 475.00 615.7 23821 Books
    Reference JRU Library JRU Library SHELF-5-B 16/03/2020 PURCHESS 475.00 615.7 23822 Books